000 00717nam a2200253Ia 4500
003 OSt
005 20221005054037.0
006 a|||||r|||| 00| 0
007 ta
008 221004b |||||||| |||| 00| 0 urd d
020 _cINR 270.00
024 _a36244
037 _b4920, 25/02/2017, Kitabi Duniya
_cTextual
040 _aCRL
_cCRL
_burd
041 _2urd
_aurd
082 _aO168:g, Q1
100 _aTanveer Naqi Ali Au.
_9597969
245 0 _aMoosi se tamz tak
260 _aLondon
_bIlmi majlis
_c2011
300 _a232p.
_ccm.
650 _aURDU LITERATURE
942 _hO168:g, Q1
_cTEXL
_2cc
999 _c962916
_d962916